Obscure Flag quiz 1 - Statistics

General Stats
  • This quiz has been taken 65 times
  • The average score is 14 of 16
Answer Stats
Picture Answer % Correct
Barbados
98%
Kosovo
98%
Bosnia
96%
Swaziland
96%
Peru
95%
Azerbaijan
93%
Moldova
93%
Monaco
93%
Palau
93%
Somalia
91%
Tonga
86%
Marshall Islands
84%
Zimbabwe
84%
Namibia
80%
South Sudan
80%
Comoros
77%
No matching quizzes found
Score Distribution
Percent of People with Each Score
Percentile by Number Answered
Your Score History
You have not taken this quiz